Normal view
MARC view
Entry Topical Term
001 - CONTROL NUMBER
- control field: 13047
003 - CONTROL NUMBER IDENTIFIER
- control field: dpl
005 - DATE AND TIME OF LATEST TRANSACTION
- control field: 20100814104528.0
008 - FIXED-LENGTH DATA ELEMENTS
- fixed length control field: 100814|||a|||||| | ||| d
040 ## - CATALOGING SOURCE
- Original cataloging agency: dpl
- Transcribing agency: dpl
150 ## - HEADING--TOPICAL TERM
- Topical term or geographic name as entry element: Botany
670 ## - SOURCE DATA FOUND
- Source citation: Work cat.: (dpl): Bose, J.C. 13045, A scientist & a dreamer/ , 1996
670 ## - SOURCE DATA FOUND
- Source citation: Work cat.: (dpl): Bose, J.C. 13045, A scientist & a dreamer/ , 1996
